| 000 | 01115cam a22002891i 4500 | ||
|---|---|---|---|
| 003 | SA-RiAUC | ||
| 005 | 20250118054603.0 | ||
| 008 | 250113s1993 gw g 00010 ara c | ||
| 040 |
_aADPOL _bara _cSA-RiAUC. _erda |
||
| 041 | 1 |
_aara _hger |
|
| 082 | 0 | 4 |
_a210.2 _qSA-RiAUC |
| 090 |
_a210.2 _bهـ و ف |
||
| 100 | 1 |
_aهوفمان، مراد ويلفريد، _d1931- _eمؤلف. |
|
| 240 | 1 | 4 |
_aDer Islam als alternative. _lArabic |
| 245 | 1 | 2 |
_aالإسلام كبديل / _cمراد هوفمان ؛ ترجمة غريب محمد غريب. |
| 250 | _aالطبعة الأولى. | ||
| 264 | 1 |
_aبرلين : _bمؤسسة بافاريا، _c1993 |
|
| 300 |
_a251 صفحة ؛ _c24 سم |
||
| 336 |
_aنص _btxt _2rdacontent _3كتاب |
||
| 337 |
_aبدون وسيط _bn _2rdamedia |
||
| 338 |
_aمجلد _bnc _2rdacarrier |
||
| 650 | 7 |
_aالإسلام _vمتفرقات _2aucsh |
|
| 700 | 1 |
_aغريب، غريب محمد _eمترجم. |
|
| 700 | 1 | 2 |
_iترجمة لـ : _aهوفمان، مراد ويلفريد، _d1931- _tDer Islam als alternative. |
| 942 |
_2ddc _cBOOK _n0 |
||
| 949 |
_aSA-JeALM _d250113 _umohamedma123 _n1 |
||
| 999 |
_c4901 _d4901 |
||